Статистические методы оценки финансовой устойчивости предприятий угольной и нефтяной отрасли; Перспективы развития фундаментальных наук

Dades bibliogràfiques
Parent link:Перспективы развития фундаментальных наук.— 2013.— [С. 499-501]
Autor principal: Богославская А. А.
Autor corporatiu: Национальный исследовательский Томский политехнический университет (ТПУ) Физико-технический институт (ФТИ) Кафедра высшей математики и математической физики (ВММФ)
Altres autors: Крицкий О. Л. Олег Леонидович (научный руководитель)
Sumari:Заглавие с экрана
Investment appeal is a key task of any enterprise. In this publication the modification of Altman's model and Davydova-Belikov's model is given applied to an assessment of probability of bankruptcy of the enterprise. The result of this research can be used by creditors and investors.
Idioma:rus
Publicat: 2013
Col·lecció:Математика
Matèries:
Accés en línia:http://www.lib.tpu.ru/fulltext/c/2013/C21/167.pdf
Format: Electrònic Capítol de llibre
KOHA link:https://koha.lib.tpu.ru/cgi-bin/koha/opac-detail.pl?biblionumber=603784

MARC

LEADER 00000naa2a2200000 4500
001 603784
005 20260204135952.0
035 |a (RuTPU)RU\TPU\conf\983 
035 |a RU\TPU\conf\981 
090 |a 603784 
100 |a 20140205d2013 k y0rusy50 ca 
101 0 |a rus 
102 |a RU 
135 |a drcn ---uucaa 
181 0 |a i  
182 0 |a b 
200 1 |a Статистические методы оценки финансовой устойчивости предприятий угольной и нефтяной отрасли  |d Statistical methods of the assessment of financial stability of the enterprises of coal and oil branch  |f А. А. Богославская  |g науч. рук. О. Л. Крицкий 
203 |a Текст  |c электронный 
215 |a 1 файл(484 Кб) 
225 1 |a Математика 
300 |a Заглавие с экрана 
320 |a [Библиогр.: с. 501 (4 назв.)] 
330 |a Investment appeal is a key task of any enterprise. In this publication the modification of Altman's model and Davydova-Belikov's model is given applied to an assessment of probability of bankruptcy of the enterprise. The result of this research can be used by creditors and investors. 
337 |a Adobe Reader 
463 1 |0 (RuTPU)RU\TPU\conf\715  |t Перспективы развития фундаментальных наук  |l Prospects of fundamental sciences development  |o сборник научных трудов X Международной конференция студентов и молодых ученых, г. Томск, 23-26 апреля 2013 г.  |f Национальный исследовательский Томский политехнический университет (ТПУ) ; ред. коллегия Е. А. Вайтулевич ; Г. А. Лямина ; Г. А. Воронова ; М. Е. Семенов ; А. В. Устинов ; Н. С. Пушилина  |v [С. 499-501]  |d 2013 
510 1 |a Statistical methods of the assessment of financial stability of the enterprises of coal and oil branch  |z eng 
610 1 |a электронный ресурс 
610 1 |a труды учёных ТПУ 
610 1 |a статистические методы 
610 1 |a финансовая устойчивость 
610 1 |a угольная отрасль 
610 1 |a нефтяная отрасль 
700 1 |a Богославская  |b А. А. 
702 1 |a Крицкий  |b О. Л.  |c математик  |c доцент Томского политехнического университета, кандидат физико-математических наук  |f 1976-  |g Олег Леонидович  |4 727 
712 0 2 |a Национальный исследовательский Томский политехнический университет (ТПУ)  |b Физико-технический институт (ФТИ)  |b Кафедра высшей математики и математической физики (ВММФ)  |3 (RuTPU)RU\TPU\col\18727 
801 1 |a RU  |b 63413507  |c 20101016 
801 2 |a RU  |b 63413507  |c 20230324  |g RCR 
856 4 |u http://www.lib.tpu.ru/fulltext/c/2013/C21/167.pdf 
942 |c CF